Controversia sobre "La muerte de Dios" (Record no. 110981)

MARC details
000 -LEADER
campo de control de longitud fija 00782nam a2200229 i 4500
001 - NÚMERO DE CONTROL
campo de control 110981
003 - IDENTIFICADOR DE NÚMERO DE CONTROL
campo de control ES-MaACL
005 - FECHA Y HORA DE LA ÚLTIMA TRANSACCIÓN
campo de control 20250807072843.0
007 - CAMPO FIJO DE DESCRIPCIÓN FÍSICA--INFORMACIÓN GENERAL
campo de control de longitud fija t|
008 - DATOS DE LONGITUD FIJA--INFORMACIÓN GENERAL
campo de control de longitud fija 061121s1968 sp r ||||1| spa d
100 0# - ENTRADA PRINCIPAL--NOMBRE DE PERSONA
Nombre de persona Ogletree, Thomas.
9 (RLIN) 86576
245 10 - MENCIÓN DEL TÍTULO
Título Controversia sobre "La muerte de Dios"
Resto del título : síntesis y valoración de la obra de Thomas J.J.Altizer / Thomas Ogletree, Altizer, William Hamilton, Paul van Buren.
250 ## - MENCION DE EDICION
Mención de edición 1ª. ed.
260 ## - PUBLICACIÓN, DISTRIBUCIÓN, ETC.
Lugar de publicación, distribución, etc. Barcelona :
Nombre del editor, distribuidor, etc. Kairos,
Fecha de publicación, distribución, etc. 1968.
300 ## - DESCRIPCIÓN FÍSICA
Extensión 127 p. ;
Dimensiones 21 cm.
650 #7 - PUNTO DE ACCESO ADICIONAL DE MATERIA--TÉRMINO DE MATERIA
Término de materia o nombre geográfico como elemento de entrada Teología de la muerte de Dios
Fuente del encabezamiento o término embne
9 (RLIN) 154472
700 1# - ENTRADA AGREGADA--NOMBRE PERSONAL
Nombre de persona Hamilton, William.
9 (RLIN) 61666
700 1# - ENTRADA AGREGADA--NOMBRE PERSONAL
Nombre de persona Buren, Paul van.
9 (RLIN) 32608
700 0# - ENTRADA AGREGADA--NOMBRE PERSONAL
Nombre de persona Altizer, Thomas J. J.
9 (RLIN) 20550
852 ## - LOCALIZACIÓN
Ubicación ES-MaACL
Número de control de estantería C-49980
Sublocalización o colección R.68275
Holdings
Estatus retirado Estado de pérdida Estado de daño No para préstamo Biblioteca de origen Biblioteca actual Ubicación en estantería Fecha de adquisición Fuente de adquisición Total de préstamos Signatura topográfica completa Código de barras Visto por última vez Precio de reemplazo Tipo de ítem Koha
        Biblioteca del Ateneo de Madrid Biblioteca del Ateneo de Madrid Depósito 2 17/01/2008     C-49980 1115793 23/02/2023 23/02/2023 Libro impreso